Moral philosophy / (Record no. 542046)
[ view plain ]
| 000 -LEADER | |
|---|---|
| fixed length control field | 00891fam a2200205 a 4500 |
| 020 ## - INTERNATIONAL STANDARD BOOK NUMBER | |
| International Standard Book Number | 0192892460 : |
| 082 00 - DEWEY DECIMAL CLASSIFICATION NUMBER | |
| Classification number | 170 |
| Author Mark | RAP |
| 100 1# - MAIN ENTRY--PERSONAL NAME | |
| Personal name | Raphael, D. D. |
| 9 (RLIN) | 37143 |
| 245 10 - TITLE STATEMENT | |
| Title | Moral philosophy / |
| Statement of responsibility, etc. | D.D. Raphael. |
| 250 ## - EDITION STATEMENT | |
| Edition statement | 2nd, enl. ed. |
| 260 ## - PUBLICATION, DISTRIBUTION, ETC. | |
| Place of publication, distribution, etc. | Oxford ; |
| -- | New York : |
| Name of publisher, distributor, etc. | Oxford University Press, |
| Date of publication, distribution, etc. | 1994. |
| 300 ## - PHYSICAL DESCRIPTION | |
| Extent | 152 p. : |
| Dimensions | 20 cm. |
| 500 ## - GENERAL NOTE | |
| General note | "An OPUS book." |
| 505 0# - FORMATTED CONTENTS NOTE | |
| Formatted contents note | 1. What is moral philosophy? -- 2. Naturalism and rationalism -- 3. Logic and language -- 4. Utilitarianism -- 5. Intuitionism and objections to utilitarianism -- 6. Kantian ethics -- 7. Justice -- 8. Liberty -- 9. Concepts of science -- 10. Concepts of practice -- 11. The relevance of Darwinism -- 12. How can moral philosophy help? |
| 526 ## - STUDY PROGRAM INFORMATION NOTE | |
| Program name | 0 |
| Interest level | 0 |
| Reading level | 0 |
| Title point value | 170_000000000000000_RAP |
| 526 ## - STUDY PROGRAM INFORMATION NOTE | |
| Program name | 0 |
| Interest level | 0 |
| Reading level | 0 |
| Title point value | 170_000000000000000_RAP |
| 650 #0 - SUBJECT ADDED ENTRY--TOPICAL TERM | |
| Topical term or geographic name entry element | Ethics |
| 9 (RLIN) | 4381 |
| 650 #0 - SUBJECT ADDED ENTRY--TOPICAL TERM | |
| Topical term or geographic name entry element | MCE |
| 9 (RLIN) | 379 |
| 942 ## - ADDED ENTRY ELEMENTS (KOHA) | |
| Source of classification or shelving scheme | |
| Koha item type | Book |
| Withdrawn status | Lost status | Source of classification or shelving scheme | Damaged status | Not for loan | Permanent Location | Current Location | Date acquired | Total Checkouts | Full call number | Barcode | Date last seen | Price effective from | Koha item type |
|---|---|---|---|---|---|---|---|---|---|---|---|---|---|
| Military College of Engineering (MCE) | Military College of Engineering (MCE) | 09/18/2013 | 170 RAP | MCE-43427 | 09/18/2013 | 09/18/2013 | Book | ||||||
| Military College of Engineering (MCE) | Military College of Engineering (MCE) | 04/11/2019 | 170 RAP | MCE-43429 | 04/11/2019 | 04/11/2019 | Book |
